000 00475pab a2200169 454500
008 180718b1998 xxu||||| |||| 00| 0 eng d
100 _aBalakrishnan, P.
245 _aWhat do we know about productivity growth in Indian industry
260 _c1998
300 _ap.2241-246
362 _a15 Aug
650 _aIndustrial development - India
650 _aIndustrial development
700 _aPushpangadan, K.
773 _aEconomic and Political Weekly
909 _a38409
999 _c38409
_d38409